[Event "Ruhrgebiet Verbandsklasse Gruppe 3 1718"]
[Site "Germany"]
[Date "2018.04.29"]
[Round "9.6"]
[White "Tober, Julian"]
[Black "Mandl, Stefan"]
[Result "0-1"]
[WhiteElo "1764"]
[BlackElo "1933"]
[PlyCount "72"]
[EventDate "2017.09.17"]
[EventType "team-tourn"]
[EventRounds "9"]
[EventCountry "GER"]
[SourceTitle "EXT 2022"]
[Source "ChessBase"]
[SourceDate "2021.10.06"]
[SourceVersion "1"]
[SourceVersionDate "2021.10.06"]
[SourceQuality "1"]
[WhiteTeam "Wanne-Eickel SV Unser Fritz"]
[BlackTeam "Essen Listiger Bauer"]
[WhiteTeamCountry "GER"]
[BlackTeamCountry "GER"]

1. e4 c5 2. Nf3 d6 3. d4 cxd4 4. Nxd4 Nf6 5. Nc3 a6 6. Be3 e5 7. Nb3 Be6 8. Be2 Be7 9. Nd5 Bxd5 10. exd5 0-0 11. 0-0 Qc7 12. c4 Nbd7 13. Rc1 b6 14. Nd2 a5 15. f4 exf4 16. Bxf4 Rfe8 17. Kh1 Nc5 18. Rc3 Nfe4 19. Nxe4 Nxe4 20. Re3 Bf6 21. Bd3 Nc5 22. Rh3 g6 23. b3 Qe7 24. Bc2 Bg5 25. Re3 Qf6 26. Ref3 Ra7 27. Bd2 Qd8 28. Bc3 Ne4 29. Bxe4 Rxe4 30. Bf6 Bxf6 31. Rxf6 Rae7 32. Qf3 Re1 33. Qc3 R7e3 34. Qd2 R3e2 35. Qf4 Rxf1+ 36. Qxf1 Qxf6 0-1

[Event "Ruhrgebiet Verbandsklasse Gruppe 3 1718"]
[Site "Germany"]
[Date "2017.10.08"]
[Round "2.7"]
[White "Heiming, Thomas"]
[Black "Tober, Julian"]
[Result "1/2-1/2"]
[WhiteElo "1813"]
[BlackElo "1792"]
[PlyCount "79"]
[EventDate "2017.09.17"]
[EventType "team-tourn"]
[EventRounds "9"]
[EventCountry "GER"]
[SourceTitle "EXT 2022"]
[Source "ChessBase"]
[SourceDate "2021.10.06"]
[SourceVersion "1"]
[SourceVersionDate "2021.10.06"]
[SourceQuality "1"]
[WhiteTeam "Hervest Dorsten"]
[BlackTeam "Wanne-Eickel SV Unser Fritz"]
[WhiteTeamCountry "GER"]
[BlackTeamCountry "GER"]

1. e4 c5 2. Nf3 g6 3. d4 cxd4 4. Qxd4 Nf6 5. Nc3 Nc6 6. Qd1 Bg7 7. Bc4 0-0 8. 0-0 d6 9. h3 Qa5 10. a3 Bd7 11. Bd2 Rac8 12. Qe2 Qh5 13. Qe3 b6 14. Be2 Qc5 15. Qd3 Ne5 16. Nxe5 Qxe5 17. Be3 Bc6 18. f4 Qe6 19. Bf3 Rfd8 20. Rae1 Qd7 21. Rd1 e6 22. Qe2 Qe8 23. Rfe1 d5 24. exd5 Nxd5 25. Nxd5 Bxd5 26. Bxd5 exd5 27. c3 Rc6 28. Qf2 Re6 29. f5 gxf5 30. Bd2 Qb5 31. Bc1 Rde8 32. Rf1 Qc4 33. Qxf5 Rf6 34. Qd7 Qc5+ 35. Kh1 Rxf1+ 36. Rxf1 Re7 37. Qd8+ Bf8 38. Bh6 Re6 39. Bxf8 Qxf8 40. Qxd5 1/2-1/2